The enemies of leadership : Lessons for leaders in education
School principals will look in vain for five easy steps to good relationships with parents. Yet, this is an eminently practical book, a handbook for survival as well as excellence in leadership and sleeping with a clear conscience
Đã lưu trong:
| Príomhúdar: | |
|---|---|
| Formáid: | Leabhar |
| Teanga: | Undetermined |
| Foilsithe: |
Bloomington, Indiana
Phi Delta Kappa Educational Foundation
1985
|
| Ábhair: | |
| Clibeanna: |
Cuir Clib Leis
Gan Chlibeanna, Bí ar an gcéad duine leis an taifead seo a chlibeáil!
|
| Thư viện lưu trữ: | Trung tâm Học liệu Trường Đại học Cần Thơ |
|---|
| LEADER | 00878nam a2200217Ia 4500 | ||
|---|---|---|---|
| 001 | CTU_43470 | ||
| 008 | 210402s9999 xx 000 0 und d | ||
| 082 | |a 371.2011 | ||
| 082 | |b B675 | ||
| 100 | |a Bogue, E Grady | ||
| 245 | 4 | |a The enemies of leadership : | |
| 245 | 0 | |b Lessons for leaders in education | |
| 245 | 0 | |c E Grady Bogue | |
| 260 | |a Bloomington, Indiana | ||
| 260 | |b Phi Delta Kappa Educational Foundation | ||
| 260 | |c 1985 | ||
| 520 | |a School principals will look in vain for five easy steps to good relationships with parents. Yet, this is an eminently practical book, a handbook for survival as well as excellence in leadership and sleeping with a clear conscience | ||
| 650 | |a Education,School administrators,School management and organization | ||
| 650 | |z United states | ||
| 904 | |i Minh | ||
| 980 | |a Trung tâm Học liệu Trường Đại học Cần Thơ | ||